AK’s General Knowledge A-Z #42 - Statistics

General Stats
  • This quiz has been taken 500 times
  • The average score is 18 of 26
Answer Stats
Hint Answer % Correct
E – a penguin species, or the ruler of an imperial realm Emperor
96%
I – element with symbol Fe, or something that should be hot when you strike Iron
96%
B – Miley Cyrus hit "Wrecking ____" Ball
95%
M – artist who was 26 when he started sculpting David Michelangelo
93%
J – where fortune cookies really come from Japan
92%
L – ______ Tunes, animated series produced by Warner Bros. from 1930 to 1969 Looney
92%
F – to intentionally perform an agricultural activity, such as growing crops Farm
88%
S – board game in which players draw letter tiles and take turns to make interlocking words Scrabble
88%
T – social networking service whose logo used to be called Larry the Bird Twitter
86%
C – the collective group of actors performing a play together, or what Caesar did to the die Cast
83%
O – capital city founded in the year 1040 under the name Ánslo Oslo
82%
D – Arrested ___________, TV sitcom about Bluths, a formerly wealthy dysfunctional family Development
77%
V – American rock band with vocalists David Lee Roth (until 1985) and Sammy Hagar and guitarist Eddie ___ _____ Van Halen
76%
H – Douglas Adams’ book The _________’s Guide to the Galaxy Hitchhiker
75%
G – actor siblings Jake and Maggie (Donnie Darko) Gyllenhaal
69%
N – is “không” in Vietnamese – you know the answer? No
67%
Q – 1999 sci-fi comedy film Galaxy ____ Quest
64%
W – capital and largest city of the province of Manitoba Winnipeg
57%
Y – time long past (“days of ____”) Yore
52%
P – iron sulfide mineral known as fool’s gold, which ironically may also include tiny amounts of gold Pyrite
50%
R – a loud noise, or a piece of equipment used to hit the B answer Racket
50%
Z – Ukrainian president Volodymyr Zelenskyy
50%
K – first name of Räikkönen with a record number of F1 races Kimi
43%
U – is “morbror” or “farbror” in Swedish, or Vanya in Anton Chekhov Uncle
41%
A – the only city in the country that was known as Western Samoa until 1997 Apia
30%
X – a natural gum used as a food additive, produced by the bacterium Xanthomonas campestris Xanthan gum
22%
No matching quizzes found
Score Distribution
Percent of People with Each Score
Percentile by Number Answered
Your Score History
You have not taken this quiz